[Event "Bundesliga 2021-22"]
[Site "Bremen GER"]
[Date "2022.05.29"]
[Round "10.5"]
[Board "8"]
[White "Libiszewski, Fabien"]
[Black "Wachinger, Nikolas"]
[Result "1-0"]
[WhiteTitle "GM"]
[WhiteElo "2505"]
[BlackElo "2376"]
[WhiteTeam "SC Viernheim"]
[BlackTeam "SV Werder Bremen"]
[WhiteFideId "616834"]
[BlackFideId "12962791"]
[EventDate "2022.03.05"]

1. e4 c5 2. Nf3 d6 3. Bb5+ Nd7 4. d4 cxd4 5. Nxd4 Nf6 6. O-O e5 7. Nf5 a6 8. Bd3
Nc5 9. Nc3 d5 10. Bg5 dxe4 11. Bxe4 Ncxe4 12. Nxg7+ Bxg7 13. Qxd8+ Kxd8 14. Nxe4
Ke7 15. f4 Ke6 16. f5+ Ke7 17. Rad1 a5 18. Rd5 Ra6 19. Re1 Kf8 20. Rxe5 Ng4 21.
Be7+ Kg8 22. Rd5 h6 23. h3 Nf6 24. Nxf6+ Rxf6 25. Bxf6 Bxf6 26. Re8+ Kh7 27.
Rxh8+ Bxh8 28. c3 a4 29. g4 b6 30. Rd8 a3 31. b3 Ba6 32. c4 Bb7 33. Kf2 Be4 34.
Ke3 Bb1 35. Kd2 Be5 36. Re8 Bg3 37. Kc3 Kg7 38. Re3 Bf2 39. Re2 Bg3 40. b4 Kf6
41. c5 Be5+ 42. Kb3 bxc5 43. bxc5 Bd3 44. Re3 Bf1 45. Kb4 Bd4 46. Rxa3 Ke5 47.
Ra7 Bxh3 48. Rxf7 Bxg4 49. c6 Kd6 50. Rd7+ Kxc6 51. Rxd4 Bxf5 52. Rh4 1-0

[Event "Bundesliga 2021-22"]
[Site "Bremen GER"]
[Date "2022.05.29"]
[Round "10.6"]
[Board "1"]
[White "Dardha, Daniel"]
[Black "Van Foreest, Jorden"]
[Result "1/2-1/2"]
[WhiteTitle "GM"]
[BlackTitle "GM"]
[WhiteElo "2540"]
[BlackElo "2714"]
[WhiteTeam "SV Muelheim Nord"]
[BlackTeam "SG Solingen"]
[WhiteFideId "240990"]
[BlackFideId "1039784"]
[EventDate "2022.03.05"]

1. c4 e5 2. Nc3 Nf6 3. Nf3 e4 4. Ng5 c6 5. Ngxe4 Nxe4 6. Nxe4 d5 7. cxd5 cxd5 8.
Ng3 Nc6 9. e3 h5 10. Bb5 h4 11. Ne2 a6 12. Bxc6+ bxc6 13. Qc2 Bd7 14. b3 Qg5 15.
Bb2 Qxg2 16. O-O-O Qg6 17. Qxg6 fxg6 18. Rhg1 Kf7 19. Nd4 Bd6 20. f4 a5 21. Nf3
a4 22. b4 a3 23. Ne5+ Bxe5 24. Bxe5 Ra4 25. Bd6 Be6 26. d4 Bf5 27. Kd2 Ke6 28.
Bc5 Rb8 29. Kc3 Raa8 30. Kd2 Kd7 31. Rg5 Re8 32. Rdg1 Re4 33. Rc1 Re6 34. Rgg1
Rf6 35. Rc3 Ra6 36. Rb3 Rf7 37. Rc3 Ke6 38. Rcc1 Rb7 39. Kc3 Ra8 40. Kd2 Ra6 41.
Kc3 Ra8 42. Kd2 Ra6 1/2-1/2

[Event "Bundesliga 2021-22"]
[Site "Bremen GER"]
[Date "2022.05.29"]
[Round "10.6"]
[Board "2"]
[White "Ragger, Markus"]
[Black "Beerdsen, Thomas"]
[Result "1-0"]
[WhiteTitle "GM"]
[BlackTitle "IM"]
[WhiteElo "2647"]
[BlackElo "2496"]
[WhiteTeam "SG Solingen"]
[BlackTeam "SV Muelheim Nord"]
[WhiteFideId "1610856"]
[BlackFideId "1030108"]
[EventDate "2022.03.05"]

1. e4 c5 2. Nf3 d6 3. Bb5+ Nd7 4. d4 cxd4 5. Nxd4 Nf6 6. O-O e6 7. Re1 Be7 8.
Bf1 O-O 9. c4 a6 10. Nc3 Ne5 11. h3 Qc7 12. Qe2 Bd7 13. f4 Ng6 14. Be3 Rfe8 15.
Rac1 e5 16. fxe5 Nxe5 17. Qf2 Rac8 18. Nf5 Bxf5 19. Qxf5 Qa5 20. Bd4 Qb4 21. Qf2
Nc6 22. Be3 Bd8 23. c5 dxc5 24. Bxc5 Qa5 25. Nd5 Nxe4 26. b4 Qa3 27. Rc3 Qa4 28.
Rce3 Nxb4 29. Rxe4 1-0

[Event "Bundesliga 2021-22"]
[Site "Bremen GER"]
[Date "2022.05.29"]
[Round "10.6"]
[Board "3"]
[White "Vrolijk, Liam"]
[Black "Andersen, Mads"]
[Result "1/2-1/2"]
[WhiteTitle "IM"]
[BlackTitle "GM"]
[WhiteElo "2476"]
[BlackElo "2570"]
[WhiteTeam "SV Muelheim Nord"]
[BlackTeam "SG Solingen"]
[WhiteFideId "1048333"]
[BlackFideId "1413864"]
[EventDate "2022.03.05"]

1. d4 d5 2. c4 dxc4 3. Nf3 Nf6 4. e3 e6 5. Bxc4 c5 6. O-O a6 7. e4 b5 8. Be2
Nxe4 9. a4 Be7 10. axb5 Bb7 11. Bf4 Bd6 12. Bxd6 Qxd6 13. dxc5 Qxc5 14. bxa6
Nxa6 15. Nbd2 Nxd2 16. Qxd2 O-O 17. Rfc1 Qb4 18. Qxb4 Nxb4 19. Rxa8 Rxa8 20. Ne5
f6 21. Nd7 Bc6 22. Nc5 Bd5 23. h4 Ra2 24. Bc4 Rxb2 1/2-1/2

[Event "Bundesliga 2021-22"]
[Site "Bremen GER"]
[Date "2022.05.29"]
[Round "10.6"]
[Board "4"]
[White "Van Wely, Loek"]
[Black "Saltaev, Mihail"]
[Result "1-0"]
[WhiteTitle "GM"]
[BlackTitle "GM"]
[WhiteElo "2613"]
[BlackElo "2482"]
[WhiteTeam "SG Solingen"]
[BlackTeam "SV Muelheim Nord"]
[WhiteFideId "1000268"]
[BlackFideId "14200058"]
[EventDate "2022.03.05"]

1. d4 d5 2. c4 e6 3. Nf3 Nf6 4. Nc3 Be7 5. Bf4 O-O 6. e3 b6 7. Bd3 Bb7 8. cxd5
exd5 9. Ne5 c5 10. Qf3 Nc6 11. O-O cxd4 12. Nxc6 Bxc6 13. exd4 Qd7 14. Rac1 g6
15. h3 Rfe8 16. Rfe1 Nh5 17. Be5 Bg5 18. Rcd1 b5 19. Qg4 f6 20. Qxd7 Bxd7 21.
Bd6 Rxe1+ 22. Rxe1 Bd2 23. Re7 Bxc3 24. bxc3 Be8 25. Be2 Rd8 26. Bc7 Rc8 27. Bf3
Bf7 28. Ba5 a6 29. Ra7 Rc6 30. Ra8+ Kg7 31. Bb4 f5 32. Bf8+ Kf6 33. Ra7 Nf4 34.
h4 Rxc3 35. Bh6 Ne6 36. Bxd5 Rc7 37. Rxa6 Ke7 38. Bd2 Kd7 39. Bb4 Nd8 40. Bf3
Rc4 41. Bc5 Ra4 42. Rd6+ Kc7 43. a3 Be8 44. Rf6 Nc6 45. Rf8 Bd7 46. d5 1-0

[Event "Bundesliga 2021-22"]
[Site "Bremen GER"]
[Date "2022.05.29"]
[Round "10.6"]
[Board "5"]
[White "Buckels, Valentin"]
[Black "Smeets, Jan"]
[Result "1-0"]
[WhiteTitle "IM"]
[BlackTitle "GM"]
[WhiteElo "2454"]
[BlackElo "2563"]
[WhiteTeam "SV Muelheim Nord"]
[BlackTeam "SG Solingen"]
[WhiteFideId "12942766"]
[BlackFideId "1007246"]
[EventDate "2022.03.05"]

1. d4 d5 2. c4 c6 3. cxd5 cxd5 4. Bf4 Nc6 5. e3 Nf6 6. Nc3 Bf5 7. Qb3 Na5 8.
Qa4+ Bd7 9. Qd1 e6 10. Nf3 Rc8 11. Bd3 Nc4 12. Bxc4 dxc4 13. Ne5 b5 14. Bg5 b4
15. Ne4 Be7 16. Qf3 Ba4 17. O-O Bc2 18. Bxf6 gxf6 19. Nxf6+ Bxf6 20. Nc6 Rxc6
21. Qxc6+ Kf8 22. Qxc4 Bf5 23. Qxb4+ Be7 24. Qb7 Bd6 25. Rac1 Qh4 26. f4 Kg7 27.
Qf3 Qf6 28. Rc6 Rd8 29. Re1 Bb4 30. Rec1 Qg6 31. Rc8 Bg4 32. f5 Rxc8 33. Rxc8
Bxf5 34. Qa8 Kh6 35. Rg8 Qh5 36. Qf3 Qh4 37. g4 Bg6 38. Qf4+ Qg5 39. Kf2 f5 40.
Qxg5+ Kxg5 41. gxf5 Kxf5 42. Ra8 Ke4 43. Rxa7 Bd2 44. Ra3 Bf5 45. Rb3 Bg4 46. a4
Bd1 47. Ra3 Ba5 48. b4 Bxb4 49. Ra1 Bc2 50. Ra2 Bd3 51. a5 Ba6 52. Rb2 Be7 53.
Rb6 Bc4 54. a6 Bg5 55. a7 Bxe3+ 56. Kg3 Bf4+ 57. Kg4 Bd5 58. h4 Bc7 59. Rb5 Ba8
60. Rb8 Bd5 61. a8=Q Bxa8 62. Rxa8 Bb6 63. Ra6 h5+ 64. Kxh5 Bxd4 65. Rxe6+ Kf5
66. Re1 Bf6 67. Rf1+ Ke6 68. Rf4 Ke5 69. Ra4 Kf5 70. Kh6 1-0

[Event "Bundesliga 2021-22"]
[Site "Bremen GER"]
[Date "2022.05.29"]
[Round "10.6"]
[Board "6"]
[White "Handke, Florian"]
[Black "Hausrath, Daniel"]
[Result "1/2-1/2"]
[WhiteTitle "GM"]
[BlackTitle "GM"]
[WhiteElo "2539"]
[BlackElo "2480"]
[WhiteTeam "SG Solingen"]
[BlackTeam "SV Muelheim Nord"]
[WhiteFideId "4634527"]
[BlackFideId "4617495"]
[EventDate "2022.03.05"]

1. e4 c6 2. d4 d5 3. e5 Bf5 4. h4 Qc7 5. Ne2 c5 6. dxc5 Nc6 7. Bf4 e6 8. Ng3
Bxc5 9. Nxf5 exf5 10. Nc3 Nge7 11. Bd3 O-O 12. O-O Nd4 13. Bg5 Ne6 14. Bxe7 Qxe7
15. g3 Rad8 16. Bxf5 Nd4 17. Qd3 g6 18. Bh3 Qxe5 19. Rae1 Qf6 20. Bg2 Qf5 21.
Qxf5 Nxf5 1/2-1/2

[Event "Bundesliga 2021-22"]
[Site "Bremen GER"]
[Date "2022.05.29"]
[Round "10.6"]
[Board "7"]
[White "Feygin, Michael"]
[Black "Naumann, Alexander"]
[Result "1/2-1/2"]
[WhiteTitle "GM"]
[BlackTitle "GM"]
[WhiteElo "2456"]
[BlackElo "2514"]
[WhiteTeam "SV Muelheim Nord"]
[BlackTeam "SG Solingen"]
[WhiteFideId "14103109"]
[BlackFideId "4623169"]
[EventDate "2022.03.05"]

1. d4 Nf6 2. Nc3 d5 3. Bf4 g6 4. e3 Bg7 5. Nb5 Na6 6. h3 O-O 7. Nf3 Bf5 8. Bd3
Bxd3 9. cxd3 c6 10. Nc3 Nd7 11. O-O Re8 12. a3 e5 13. dxe5 Nxe5 14. Nxe5 Bxe5
15. Bxe5 Rxe5 16. d4 Re7 17. b4 Nc7 18. Qb3 a6 19. a4 Ne8 20. Nd1 Nd6 21. Nb2
Qd7 22. Ra2 Rae8 23. Nd3 1/2-1/2

[Event "Bundesliga 2021-22"]
[Site "Bremen GER"]
[Date "2022.05.29"]
[Round "10.6"]
[Board "8"]
[White "Krastev, Alexander"]
[Black "Baltic, Fatih"]
[Result "1-0"]
[WhiteTitle "FM"]
[BlackTitle "FM"]
[WhiteElo "2409"]
[BlackElo "2295"]
[WhiteTeam "SG Solingen"]
[BlackTeam "SV Muelheim Nord"]
[WhiteFideId "12989983"]
[BlackFideId "12979090"]
[EventDate "2022.03.05"]

1. e4 e6 2. d4 d5 3. e5 c5 4. c3 Nc6 5. Nf3 Qb6 6. Bd3 cxd4 7. O-O Bd7 8. Re1
Nge7 9. h4 h6 10. h5 Rc8 11. a3 dxc3 12. Nxc3 Na5 13. Be3 Qxb2 14. Nb5 Bxb5 15.
Rb1 Qxa3 16. Bxb5+ Nec6 17. Nd4 a6 18. Bxc6+ bxc6 19. Ra1 Qb4 20. Ra4 Qb8 21.
Qg4 Nb7 22. Nxe6 fxe6 23. Qxe6+ Be7 24. Rb1 Qc7 25. Qg6+ Kf8 26. Rf4+ Kg8 27.
Qf7+ Kh7 28. Qg6+ Kg8 29. Qe6+ Kh7 30. Qf5+ Kg8 31. Qe6+ Kh7 32. Rf7 Bf8 33.
Rxb7 1-0

[Event "Bundesliga 2021-22"]
[Site "Dusseldorf GER"]
[Date "2022.05.29"]
[Round "10.7"]
[Board "1"]
[White "Volokitin, Andrei"]
[Black "Stern, Rene"]
[Result "0-1"]
[WhiteTitle "GM"]
[BlackTitle "GM"]
[WhiteElo "2687"]
[BlackElo "2510"]
[WhiteTeam "Duesseldorfer SK"]
[BlackTeam "SK Koenig Tegel"]
[WhiteFideId "14107090"]
[BlackFideId "4611799"]
[EventDate "2022.03.05"]

1. e4 e5 2. Nf3 Nc6 3. Bb5 Nf6 4. d3 d6 5. O-O Be7 6. c3 O-O 7. Re1 a6 8. Ba4 b5
9. Bc2 Nb8 10. d4 Nbd7 11. h3 Bb7 12. Nbd2 Re8 13. Nf1 Bf8 14. Ng3 g6 15. a4 c5
16. d5 c4 17. Bg5 Nc5 18. Qd2 Be7 19. Bh6 Bf8 20. Bg5 Be7 21. Bh6 Bf8 22. axb5
axb5 23. Bxf8 Rxf8 24. Rxa8 Bxa8 25. Qh6 Bb7 26. Ra1 Qe7 27. Ra5 Ba6 28. Qg5 Kh8
29. h4 Ng8 30. Nd4 Qc7 31. Nc6 f6 32. Qd2 Ne7 33. Nxe7 Qxe7 34. h5 Rb8 35. Ra1
Kg7 36. Qe3 Ra8 37. Qf3 Qd7 38. Nf1 Ra7 39. Ne3 Bc8 40. Qd1 Qb7 41. Rb1 Qf7 42.
Qf3 gxh5 43. b3 cxb3 44. Bxb3 Qg6 45. Bc2 Bg4 46. Qg3 Rb7 47. Ra1 Qg5 48. Ra8
Bd7 49. Qf3 h4 50. Qd1 h5 51. Qa1 h3 52. Qa5 Kh7 53. Qd8 Qg7 54. Kh2 hxg2 55.
Nxg2 b4 56. Nf4 exf4 57. e5+ f5 58. Qh4 Kg6 59. e6 Nxe6 60. dxe6 Bxe6 61. Bd1
Qh6 62. cxb4 Qg5 63. Qh3 Rxb4 64. Qc3 Qh4+ 65. Kg1 Rb1 66. Qe1 Bf7 67. Re8 Rxd1
68. Qxd1 Bxe8 69. Qxd6+ Qf6 70. Qb8 Bc6 71. Kf1 f3 72. Qg3+ Kf7 73. Qc7+ Ke8 74.
Qb8+ Kd7 75. Qa7+ Ke6 76. Qa6 Kf7 77. Qa7+ Qe7 78. Qd4 Bb5+ 0-1

[Event "Bundesliga 2021-22"]
[Site "Dusseldorf GER"]
[Date "2022.05.29"]
[Round "10.7"]
[Board "2"]
[White "Rabiega, Robert"]
[Black "Banusz, Tamas"]
[Result "1/2-1/2"]
[WhiteTitle "GM"]
[BlackTitle "GM"]
[WhiteElo "2505"]
[BlackElo "2600"]
[WhiteTeam "SK Koenig Tegel"]
[BlackTeam "Duesseldorfer SK"]
[WhiteFideId "4601475"]
[BlackFideId "722413"]
[EventDate "2022.03.05"]

1. e4 e5 2. Nf3 Nc6 3. Bc4 Nf6 4. d3 Bc5 5. O-O O-O 6. h3 d6 7. c3 a5 8. Re1 Be6
9. Nbd2 Bxc4 10. Nxc4 b5 11. Ne3 Re8 12. Nf5 Ne7 13. N3h4 Ng6 14. Qf3 Nxh4 15.
Nxh4 Nd7 16. Nf5 Qf6 17. Qg4 Kh8 18. Be3 Qg6 19. Qh4 f6 20. a4 b4 21. d4 exd4
22. cxd4 Bb6 1/2-1/2

[Event "Bundesliga 2021-22"]
[Site "Dusseldorf GER"]
[Date "2022.05.29"]
[Round "10.7"]
[Board "3"]
[White "Timman, Jan H"]
[Black "Bruedigam, Martin"]
[Result "1/2-1/2"]
[WhiteTitle "GM"]
[BlackTitle "IM"]
[WhiteElo "2533"]
[BlackElo "2386"]
[WhiteTeam "Duesseldorfer SK"]
[BlackTeam "SK Koenig Tegel"]
[WhiteFideId "1000012"]
[BlackFideId "24608033"]
[EventDate "2022.03.05"]

1. e4 c5 2. Nf3 e6 3. d4 cxd4 4. Nxd4 Nc6 5. Nc3 Qc7 6. Be3 Nf6 7. Bd3 a6 8. O-O
Nxd4 9. Bxd4 Bc5 10. Bxc5 Qxc5 11. Kh1 d6 12. f4 e5 13. Qd2 Be6 14. Rae1 exf4
15. Rxf4 Nd7 16. Nd5 Bxd5 17. exd5+ Ne5 18. Rc4 Qb6 19. Qc3 O-O 20. Rb4 Qa7 21.
Bxh7+ Kxh7 22. Rxe5 dxe5 23. Qh3+ Kg8 24. Rh4 g6 25. Rh8+ Kg7 26. Qh6+ Kf6 27.
Qh4+ Kf5 28. Qh3+ Kf6 29. Qh4+ Kf5 30. Qh3+ Kf6 31. Qh4+ 1/2-1/2

[Event "Bundesliga 2021-22"]
[Site "Dusseldorf GER"]
[Date "2022.05.29"]
[Round "10.7"]
[Board "4"]
[White "Fruebing, Stefan"]
[Black "Berelowitsch, Alexander"]
[Result "1/2-1/2"]
[WhiteTitle "IM"]
[BlackTitle "GM"]
[WhiteElo "2374"]
[BlackElo "2506"]
[WhiteTeam "SK Koenig Tegel"]
[BlackTeam "Duesseldorfer SK"]
[WhiteFideId "4682165"]
[BlackFideId "14101440"]
[EventDate "2022.03.05"]

1. e4 c5 2. Nf3 g6 3. d4 cxd4 4. Nxd4 Bg7 5. c4 Nc6 6. Be3 Nf6 7. Nc3 d6 8. Be2
O-O 9. O-O Bd7 10. h3 Nxd4 11. Bxd4 Bc6 12. Qc2 a5 13. Rad1 Nd7 14. Bxg7 Kxg7
15. Bg4 Ne5 16. c5 Nxg4 17. hxg4 Qc8 18. cxd6 Qxg4 19. dxe7 Rfe8 20. Nd5 Bxd5
21. Qc3+ Kg8 22. exd5 Rxe7 23. d6 Rd7 24. Rfe1 Qg5 25. Re5 Qd8 26. Red5 Qf8 27.
g3 a4 28. a3 Ra6 29. Qb4 Qd8 30. R1d2 Qf6 31. Kg2 Kg7 1/2-1/2

[Event "Bundesliga 2021-22"]
[Site "Dusseldorf GER"]
[Date "2022.05.29"]
[Round "10.7"]
[Board "5"]
[White "Levin, Felix"]
[Black "Mueller, Nick"]
[Result "1-0"]
[WhiteTitle "GM"]
[BlackTitle "FM"]
[WhiteElo "2456"]
[BlackElo "2375"]
[WhiteTeam "Duesseldorfer SK"]
[BlackTeam "SK Koenig Tegel"]
[WhiteFideId "4650905"]
[BlackFideId "24692093"]
[EventDate "2022.03.05"]

1. d4 d5 2. c4 c6 3. Nf3 Nf6 4. Qb3 dxc4 5. Qxc4 Bg4 6. Nbd2 Nbd7 7. g3 e6 8.
Bg2 Be7 9. O-O O-O 10. Qb3 Qb6 11. Nc4 Qxb3 12. axb3 Bb4 13. Bf4 Nd5 14. Bd6
Bxd6 15. Nxd6 Rfb8 16. e3 Bxf3 17. Bxf3 Kf8 18. g4 Ke7 19. Nc4 Rc8 20. Rfd1 N7b6
21. Na5 Rc7 22. h4 Rd8 23. Kg2 a6 24. Kg3 Nc8 25. Rac1 Rcd7 26. Nc4 f6 27. Bg2
Nd6 28. Bxd5 exd5 29. Nb6 Re8 30. Nxd7 Kxd7 31. Rd3 Kc7 32. f3 Kb6 33. Re1 Kb5
34. Kf4 h6 35. h5 Nf7 36. e4 Ng5 37. Kf5 Kb4 38. Rde3 dxe4 39. fxe4 Rd8 40. Kg6
Rd7 41. e5 fxe5 42. dxe5 Ne6 43. Rf1 Kc5 44. Rf7 Rd4 45. Kf5 1-0

[Event "Bundesliga 2021-22"]
[Site "Dusseldorf GER"]
[Date "2022.05.29"]
[Round "10.7"]
[Board "6"]
[White "Rietze, Clemens"]
[Black "Sorensen, Hampus"]
[Result "1/2-1/2"]
[WhiteTitle "FM"]
[BlackTitle "IM"]
[WhiteElo "2279"]
[BlackElo "2364"]
[WhiteTeam "SK Koenig Tegel"]
[BlackTeam "Duesseldorfer SK"]
[WhiteFideId "24620351"]
[BlackFideId "8703884"]
[EventDate "2022.03.05"]

1. d4 Nf6 2. c4 e6 3. Nf3 Bb4+ 4. Bd2 a5 5. g3 d6 6. Bg2 Nbd7 7. O-O e5 8. Bc1
exd4 9. Nxd4 O-O 10. Qc2 Ne5 11. Rd1 c6 12. b3 a4 13. Bb2 axb3 14. axb3 Rxa1 15.
Bxa1 Qe7 16. Nc3 Bc5 17. h3 Re8 18. e3 Ng6 19. Kh1 Ne5 20. Na4 Ba7 21. Nf5 Bxf5
22. Qxf5 Bb8 23. Nc3 Ned7 24. Na4 Ne4 25. Bxe4 Qxe4+ 26. Qxe4 Rxe4 27. Bd4 1/2-1/2

[Event "Bundesliga 2021-22"]
[Site "Dusseldorf GER"]
[Date "2022.05.29"]
[Round "10.7"]
[Board "7"]
[White "Stark, Lars"]
[Black "Breier, Andreas"]
[Result "1/2-1/2"]
[WhiteTitle "IM"]
[BlackTitle "FM"]
[WhiteElo "2386"]
[BlackElo "2368"]
[WhiteTeam "Duesseldorfer SK"]
[BlackTeam "SK Koenig Tegel"]
[WhiteFideId "4676386"]
[BlackFideId "4630408"]
[EventDate "2022.03.05"]

1. c4 e5 2. g3 Nf6 3. Bg2 Nc6 4. Nc3 Bb4 5. Nd5 Nxd5 6. cxd5 Ne7 7. Nf3 Bd6 8.
d4 e4 9. Ne5 Bb4+ 10. Bd2 Bxd2+ 11. Qxd2 d6 12. Nc4 Nxd5 13. Bxe4 Nf6 14. Bg2 d5
15. Ne5 O-O 16. O-O c6 17. b4 Ne4 18. Qb2 Nd6 19. a4 a6 20. Rfc1 Bf5 21. e3 f6
22. Nf3 Be4 23. Qe2 Qb6 24. Qe1 a5 25. bxa5 Rxa5 26. Nd2 Bxg2 27. Kxg2 Rfa8 28.
Qd1 Qc7 29. Qc2 Qf7 30. Ra2 Qg6 31. Qb3 Qe8 32. Qb4 Qe7 33. Nb1 Kf7 34. Nc3 Nc4
35. Qb1 Kg8 36. Re2 Nd6 37. f3 f5 38. Rce1 Qf6 39. Qb4 h6 40. Rf1 Qe6 41. Rfe1
Qd7 42. Qb3 Kh8 43. Qb4 R5a7 44. Qb6 Nc4 45. Qb3 Nd6 46. Qb6 Ra6 47. Qb3 Re8 48.
e4 fxe4 49. fxe4 Nxe4 50. Nxe4 Rxe4 51. Rxe4 dxe4 52. Rxe4 Ra5 53. Re5 Ra8 54.
Qe3 Rf8 55. a5 Qf7 56. Qe2 Rd8 57. Qe4 Rf8 58. Qe2 Qg6 59. Qe4 Qf6 60. Qe2 Rf7
61. Re8+ Kh7 62. Re5 Qg6 63. h4 Rd7 64. h5 Qb1 65. Re7 Rxe7 66. Qxe7 Qb2+ 67.
Kh3 Qb1 68. Qf7 Qh1+ 69. Kg4 Qd1+ 70. Kh3 Qh1+ 71. Kg4 Qd1+ 1/2-1/2

[Event "Bundesliga 2021-22"]
[Site "Dusseldorf GER"]
[Date "2022.05.29"]
[Round "10.7"]
[Board "8"]
[White "Dimitrijeski, Kristian"]
[Black "Coenen, Michael"]
[Result "1/2-1/2"]
[WhiteTitle "CM"]
[BlackTitle "FM"]
[WhiteElo "2137"]
[BlackElo "2326"]
[WhiteTeam "SK Koenig Tegel"]
[BlackTeam "Duesseldorfer SK"]
[WhiteFideId "4627229"]
[BlackFideId "4697367"]
[EventDate "2022.03.05"]

1. e4 c5 2. Nf3 g6 3. c3 Bg7 4. d4 cxd4 5. cxd4 d5 6. e5 Bg4 7. Bb5+ Nc6 8.
Bxc6+ bxc6 9. Nbd2 e6 10. O-O Ne7 11. h3 Bxf3 12. Nxf3 O-O 13. Bg5 h6 14. Bd2
Qb6 15. b4 Rfb8 16. Bc3 Qa6 17. Ne1 Nc8 18. Qd3 Qxd3 19. Nxd3 Nb6 20. a4 Bf8 21.
Rfb1 Nc4 22. a5 Rb5 23. Rc1 Rc8 24. g3 Be7 25. h4 h5 26. Kg2 Kf8 27. Re1 Ke8 28.
Re2 Kd7 29. Ree1 Kc7 30. Re2 Kb7 31. Ree1 Ka6 32. Re2 Rg8 33. f4 Kb7 34. Kf3 1/2-1/2

[Event "Bundesliga 2021-22"]
[Site "Dusseldorf GER"]
[Date "2022.05.29"]
[Round "10.8"]
[Board "1"]
[White "Seel, Christian"]
[Black "Piorun, Kacper"]
[Result "1/2-1/2"]
[WhiteTitle "IM"]
[BlackTitle "GM"]
[WhiteElo "2486"]
[BlackElo "2640"]
[WhiteTeam "Aachener SV"]
[BlackTeam "SF Berlin"]
[WhiteFideId "4663098"]
[BlackFideId "1130420"]
[EventDate "2022.03.05"]

1. Nf3 Nf6 2. g3 g6 3. Bg2 Bg7 4. O-O O-O 5. d4 d6 6. b3 b5 7. Bb2 Bb7 8. c4
bxc4 9. bxc4 Nbd7 10. Nbd2 e6 11. Rb1 Rb8 12. Qa4 Ne4 13. Ba1 Nb6 14. Qc2 Nxd2
15. Nxd2 Bxg2 16. Kxg2 Qd7 17. Kg1 Qc6 18. Rb3 Nd7 19. Rfb1 Rb6 20. Rb5 a6 21.
R5b3 Rfb8 22. e3 h6 23. h3 1/2-1/2

[Event "Bundesliga 2021-22"]
[Site "Dusseldorf GER"]
[Date "2022.05.29"]
[Round "10.8"]
[Board "2"]
[White "Schroeder, Jan-Christian"]
[Black "Nagy, Gabor1"]
[Result "1-0"]
[WhiteTitle "GM"]
[BlackTitle "GM"]
[WhiteElo "2564"]
[BlackElo "2507"]
[WhiteTeam "SF Berlin"]
[BlackTeam "Aachener SV"]
[WhiteFideId "24662259"]
[BlackFideId "737119"]
[EventDate "2022.03.05"]

1. e4 c5 2. Nf3 e6 3. d4 cxd4 4. Nxd4 Nc6 5. Nc3 Qc7 6. Be3 a6 7. Be2 b5 8. Nxc6
Qxc6 9. a3 Bb7 10. O-O Rc8 11. Qd2 Nf6 12. Rfd1 b4 13. axb4 Bxb4 14. f3 d5 15.
Bd4 dxe4 16. Qg5 Bc5 17. Nxe4 Bxd4+ 18. Rxd4 Nxe4 19. Qxg7 Rf8 20. fxe4 Qxc2 21.
Bg4 Qc5 22. b4 Qb6 23. Kh1 Rd8 24. Rxd8+ Qxd8 25. Rd1 Qb6 26. Qe5 Bc8 27. h3 Bd7
28. Bh5 Qxb4 29. Qc7 Qb5 30. e5 Qc6 31. Qb8+ Qc8 32. Qa7 Bc6 33. Rb1 Bb5 34. Bf3
Rg8 35. Qe3 Qd8 36. Rd1 Qe7 37. Rc1 Qg5 38. Qc5 Bd7 39. Rb1 Qd8 40. Rb7 Rg7 41.
Rxd7 Kxd7 42. Qd6+ Kc8 43. Qxa6+ Kc7 44. Qb7# 1-0

[Event "Bundesliga 2021-22"]
[Site "Dusseldorf GER"]
[Date "2022.05.29"]
[Round "10.8"]
[Board "3"]
[White "Koch, Thomas1"]
[Black "Kraemer, Martin"]
[Result "1/2-1/2"]
[WhiteTitle "IM"]
[BlackTitle "GM"]
[WhiteElo "2458"]
[BlackElo "2584"]
[WhiteTeam "Aachener SV"]
[BlackTeam "SF Berlin"]
[WhiteFideId "4600533"]
[BlackFideId "4671910"]
[EventDate "2022.03.05"]

1. d4 Nf6 2. c4 g6 3. Nc3 d5 4. cxd5 Nxd5 5. e4 Nxc3 6. bxc3 Bg7 7. Bc4 c5 8.
Ne2 Nc6 9. Be3 O-O 10. O-O b6 11. Rc1 Bb7 12. Qd2 e6 13. Rfd1 Rc8 14. Bh6 Na5
15. Bd3 Qd6 16. Bxg7 Kxg7 17. h4 Qe7 18. Qf4 f6 19. h5 e5 20. Qe3 Rcd8 21. f4
Rfe8 22. fxe5 fxe5 23. hxg6 hxg6 24. Qg3 Nc6 25. d5 c4 26. Bc2 Nb8 27. Rf1 Nd7
28. Kf2 Rf8+ 29. Ke3 Nf6 30. Kd2 b5 31. Rb1 Bc6 32. Ke1 Bd7 33. Kd2 Ng4 34. Rf3
Qg5+ 35. Ke1 Rh8 36. Ng1 Qe7 37. Nh3 Qa3 38. Nf2 Qxa2 39. Nxg4 Bxg4 40. Qxe5+ 1/2-1/2

[Event "Bundesliga 2021-22"]
[Site "Dusseldorf GER"]
[Date "2022.05.29"]
[Round "10.8"]
[Board "4"]
[White "Gumularz, Szymon"]
[Black "Vandenbussche, Thibaut"]
[Result "1-0"]
[WhiteTitle "GM"]
[BlackTitle "IM"]
[WhiteElo "2539"]
[BlackElo "2407"]
[WhiteTeam "SF Berlin"]
[BlackTeam "Aachener SV"]
[WhiteFideId "1188062"]
[BlackFideId "204412"]
[EventDate "2022.03.05"]

1. d4 d5 2. c4 e6 3. Nf3 c5 4. cxd5 exd5 5. Nc3 Nc6 6. dxc5 d4 7. Na4 Bxc5 8.
Nxc5 Qa5+ 9. Bd2 Qxc5 10. Rc1 Qb6 11. e3 Nf6 12. Bc4 dxe3 13. Bxe3 Qb4+ 14. Qd2
Qxd2+ 15. Kxd2 O-O 16. Rhd1 Bg4 17. Ke2 Ne5 18. Bb3 Nxf3 19. gxf3 Be6 20. Bxe6
fxe6 21. Rd6 Nd5 22. Rxe6 Rf5 23. Rd6 b6 24. Rd7 Nxe3 25. fxe3 Rh5 26. Rcc7
Rxh2+ 27. Kf1 g6 28. Kg1 Rxb2 29. Rg7+ Kf8 30. Rcf7+ Ke8 31. Rf4 1-0

[Event "Bundesliga 2021-22"]
[Site "Dusseldorf GER"]
[Date "2022.05.29"]
[Round "10.8"]
[Board "5"]
[White "Piceu, Tom"]
[Black "Blohberger, Felix"]
[Result "1/2-1/2"]
[WhiteTitle "IM"]
[BlackTitle "GM"]
[WhiteElo "2331"]
[BlackElo "2504"]
[WhiteTeam "Aachener SV"]
[BlackTeam "SF Berlin"]
[WhiteFideId "201952"]
[BlackFideId "1632051"]
[EventDate "2022.03.05"]

1. d4 Nf6 2. Nf3 d5 3. e3 Bf5 4. c4 e6 5. Qb3 Nc6 6. Bd2 Rb8 7. cxd5 exd5 8. Bb5
Bd6 9. Nc3 a6 10. Be2 Ne7 11. O-O O-O 12. Na4 Ne4 13. Bb4 c6 14. Rac1 Ng6 15.
Bxd6 Qxd6 16. Nc5 Bg4 17. Qd1 Nxc5 18. dxc5 Qf6 19. Qd4 Qxd4 20. Nxd4 Bxe2 21.
Nxe2 Rbe8 22. Rfd1 Re4 23. Rd4 Rfe8 24. Rc3 Nf4 25. Rxe4 Nxe2+ 26. Kf1 dxe4 27.
Kxe2 f5 28. Rb3 Re7 29. Rb4 Rd7 30. f3 exf3+ 31. Kxf3 Kf7 32. Kf4 Kf6 33. h4 a5
34. Rb3 g6 35. Kf3 Ke5 36. Ra3 Rd2 37. Rb3 Rd7 38. Ra3 Rd2 39. Rb3 1/2-1/2